Statystyki dla Kraje i wyspy skadynawskie

Kliknij tutaj aby rozwiązać quiz!

Ogólne statystyki

  • Ten quiz został rozwiązany 22 razy
  • Średni wynik to 7 z 9

Statystyki odpowiedzi

Odpowiedź% Poprawnych
Finlandia
100%
Norwegia
100%
Szwecja
100%
Dania
95%
Wyspy Owcze
95%
Grenlandia
84%
Wyspy Alandzkie
53%
Islandia
37%
Laponia
32%

Rozkład punktacji

Percentyl według liczby udzielonych odpowiedzi

Procent ludzi z każdym wynikiem

Twoja historia wyników

Nie rozwiązałeś tego quizu